| 000 | 00847cam a2200265 4500 | ||
|---|---|---|---|
| 001 | ABS66790 | ||
| 008 | 030714n2003 000 0 eng u | ||
| 035 | _a(Sirsi) u122984 | ||
| 245 | _aRegional survey: south Thames riverside boroughs and London boroughs south | ||
| 260 | _c2003 | ||
| 490 |
_aProperty Week _v68(22) 6 June 2003, 45-60(8) |
||
| 590 | _aABS | ||
| 650 | _aLONDON BOROUGHS SOUTH | ||
| 650 | _aRICHMOND | ||
| 650 | _aKINGSTON | ||
| 650 | _aWIMBLEDON | ||
| 650 | _aSOUTH BANK OF LONDON | ||
| 650 | _aSOUTHWARK | ||
| 650 | _aLEWISHAM | ||
| 650 | _aPROPERTY-COMMERCIAL PROPERTY-OFFICE PROPERTY-OFFICE PROPERTY MARKET | ||
| 650 | _aINDUSTRIAL MARKET | ||
| 650 | _aPROPERTY-COMMERCIAL PROPERTY-RETAIL PROPERTY-RETAIL PROPERTY MARKET | ||
| 690 | _aPROPERTY-COMMERCIAL PROPERTY-COMMERCIAL PROPERTY MARKET | ||
| 942 | _n0 | ||
| 999 |
_c73030 _d73030 |
||